<?xml version="1.0" encoding="UTF-8"?><?xml-stylesheet type="text/xsl" href="static/style.xsl"?><OAI-PMH xmlns="http://www.openarchives.org/OAI/2.0/" xmlns:xsi="http://www.w3.org/2001/XMLSchema-instance" xsi:schemaLocation="http://www.openarchives.org/OAI/2.0/ http://www.openarchives.org/OAI/2.0/OAI-PMH.xsd"><responseDate>2026-06-05T13:12:11Z</responseDate><request verb="GetRecord" identifier="oai:riuma.uma.es:10630/31338" metadataPrefix="marc">https://riuma.uma.es/rest/oai/request</request><GetRecord><record><header><identifier>oai:riuma.uma.es:10630/31338</identifier><datestamp>2026-02-03T11:12:51Z</datestamp><setSpec>com_10630_2254</setSpec><setSpec>col_10630_37953</setSpec></header><metadata><record xmlns="http://www.loc.gov/MARC21/slim" xmlns:dcterms="http://purl.org/dc/terms/" xmlns:doc="http://www.lyncode.com/xoai" xmlns:xsi="http://www.w3.org/2001/XMLSchema-instance" xsi:schemaLocation="http://www.loc.gov/MARC21/slim http://www.loc.gov/standards/marcxml/schema/MARC21slim.xsd">
   <leader>00925njm 22002777a 4500</leader>
   <datafield ind2=" " ind1=" " tag="042">
      <subfield code="a">dc</subfield>
   </datafield>
   <datafield ind2=" " ind1=" " tag="720">
      <subfield code="a">Chicharro-Luna, Esther</subfield>
      <subfield code="e">author</subfield>
   </datafield>
   <datafield ind2=" " ind1=" " tag="720">
      <subfield code="a">Gracia-Vesga, Miguel Ángel</subfield>
      <subfield code="e">author</subfield>
   </datafield>
   <datafield ind2=" " ind1=" " tag="720">
      <subfield code="a">Ramos Petersen, Laura</subfield>
      <subfield code="e">author</subfield>
   </datafield>
   <datafield ind2=" " ind1=" " tag="720">
      <subfield code="a">Gijón-Noguerón, Gabriel</subfield>
      <subfield code="e">author</subfield>
   </datafield>
   <datafield ind2=" " ind1=" " tag="260">
      <subfield code="c">2024</subfield>
   </datafield>
   <datafield ind2=" " ind1=" " tag="520">
      <subfield code="a">Progressive systemic sclerosis or systemic scleroderma (SS) is a chronic and rare autoimmune disease that mainly affects the skin and various internal organs. Raynaud's phenomenon and digital ulcers are some of the symptoms that affect the foot, causing a decrease in the quality of life of patients. The objective of this study is to determine the functionality of the feet in patients with SS and determine the impact on their daily lives.&#xd;
SS is a disease that affects foot functionality in patients, with a greater impact on the pain scale. There is a correlation between the final FFI score and the final SySQ score, so improving foot functionality could help to improve the overall functionality of the patient with sclerosis.</subfield>
   </datafield>
   <datafield ind1="8" ind2=" " tag="024">
      <subfield code="a">Esther Chicharro-Luna, Miguel Ángel Gracia-Vesga, Laura Ramos-Petersen, Gabriel Gijón-Nogueron, Impact of foot functionality in patients with systemic sclerosis: Cross-sectional study, Journal of Tissue Viability, Volume 33, Issue 2, 2024, Pages 202-207, ISSN 0965-206X, https://doi.org/10.1016/j.jtv.2024.03.004.</subfield>
   </datafield>
   <datafield ind1="8" ind2=" " tag="024">
      <subfield code="a">https://hdl.handle.net/10630/31338</subfield>
   </datafield>
   <datafield ind1="8" ind2=" " tag="024">
      <subfield code="a">https://doi.org/10.1016/j.jtv.2024.03.004</subfield>
   </datafield>
   <datafield tag="653" ind2=" " ind1=" ">
      <subfield code="a">Esclerodermia sistémica</subfield>
   </datafield>
   <datafield tag="653" ind2=" " ind1=" ">
      <subfield code="a">Pies - Lesiones y heridas</subfield>
   </datafield>
   <datafield ind2="0" ind1="0" tag="245">
      <subfield code="a">Impact of foot functionality in patients with systemic sclerosis: Cross-sectional study</subfield>
   </datafield>
</record>
</metadata></record></GetRecord></OAI-PMH>